NBA players with 20+ points in at least 40 straight games - Statistics

General Stats
  • This quiz has been taken 89 times
  • The average score is 10 of 17
Answer Stats
NBA career Player % Correct
2003-present LeBron James
96%
1984-1993,1995-1998,2001-2003 Michael Jordan
96%
1996-2016 Kobe Bryant
86%
1959-1973 Wilt Chamberlain
86%
1960-1974 Jerry West
84%
2007-present Kevin Durant
84%
1969-1989 Kareem Abdul-Jabbar
75%
1996-2010 Allen Iverson
73%
1960-1974 Oscar Robertson
62%
1962-1978 John Havlicek
42%
1958-1971 Elgin Baylor
39%
1974-1986 George Gervin
39%
1997-2013 Tracy McGrady
38%
1972-1986 Bob McAdoo
28%
2011-present Isaiah Thomas
28%
1965-1980 Rick Barry
24%
1961-1974 Walt Bellamy
6%
No matching quizzes found
Score Distribution
Percent of People with Each Score
Percentile by Number Answered
Your Score History
You have not taken this quiz